000 01477nam a22003257a 4500
999 _c63897
_d63897
005 20240530110704.0
008 171225s2015 ua a g b 000 0dara d
017 _a2015/5176
_bمصر. دار الكتب
020 _a9789779201566
040 _aEG-CaGPL
_cEG-CaGPL
082 0 4 _221
_a324.63\
_bإ م
100 0 _aايهاب فرحات
245 1 2 _aالمنازعات فى انتخاب نواب الشعب فى فرنسا ومصر وفقا للاحكام الصادرة حتى يناير 2010 /
_cتأليف ايهاب فرحات ؛ ترجمة ايهاب فرحات ، منار رشدى ؛ مراجعة ايهاب فرحات .
250 _aط.1
260 _aالقاهرة :
_bالمركز القومى للترجمة ،
_c2015 .
300 _a624 ص. ؛
_c24 سم.
490 _aالمركز القومى للترجمة ؛
_v2642
650 0 7 _2qrmak
_aقانون الانتخابات
650 0 7 _2qrmak
_aالانتخابات
_zفرنسا
650 0 7 _2qrmak
_aتزوير الانتخابات
650 0 7 _2qrmak
_aالانتخابات
_zمصر
650 0 7 _2qrmak
_aالشباب
_zسوريا
650 0 7 _2qrmak
_aالترجمة الشفهية
651 0 7 _2qrmak
_aالشرق الاوسط
_xالاحوال السياسية
700 0 _aايهاب فرحات
_eمترجم
700 0 _aمنار رشدى
_eمترجم مشارك
700 0 _aايهاب فرحات
_eمراجع
942 _2ddc
_cBK